Developing Strategies 3 Workbook

Salvato in:
Dettagli Bibliografici
Autore principale: Elsworth, Steve
Natura: Libro
Lingua:inglese
Pubblicazione: Budapest Tankönyvkiadó-Téka-Kultúra 1990
Edizione:3. kiadás.
Tags: Aggiungi Tag
Nessun Tag, puoi essere il primo ad aggiungerne!!

MARC

LEADER 00000nam a2200000 4500
001 c031815
005 20041019155402.9
041 0 |a eng 
044 |a HU 
245 1 0 |a Developing Strategies 3  |b Workbook  |c Steve Elsworth 
250 |a 3. kiadás. 
264 1 |a Budapest  |b Tankönyvkiadó-Téka-Kultúra  |c 1990 
300 |a 76 s. 
100 1 |a Elsworth, Steve